[Event "HUN-chT2 Maroczy 1718"]
[Site "Hungary"]
[Date "2018.03.04"]
[Round "7.1"]
[White "Veszpremi, Andras"]
[Black "Furedi, Erik"]
[Result "1-0"]
[WhiteElo "2279"]
[BlackElo "2276"]
[PlyCount "63"]
[EventDate "2017.10.29"]
[EventType "team-tourn"]
[EventRounds "9"]
[EventCountry "HUN"]
[SourceTitle "EXT 2021"]
[Source "ChessBase"]
[SourceDate "2020.10.23"]
[SourceVersion "1"]
[SourceVersionDate "2020.10.23"]
[SourceQuality "1"]
[WhiteTeam "Dunaharaszti II"]
[BlackTeam "Budapest Vasas"]
[WhiteTeamCountry "HUN"]
[BlackTeamCountry "HUN"]

1. e4 e5 2. Nf3 Nc6 3. Bb5 g6 4. 0-0 Bg7 5. c3 d6 6. d4 Bd7 7. d5 Nce7 8. Bxd7+ Qxd7 9. c4 h6 10. Nc3 Nf6 11. Ne1 0-0 12. Nd3 c6 13. f3 Ne8 14. Be3 f5 15. c5 cxd5 16. exd5 Nf6 17. cxd6 Nexd5 18. Qb3 Qf7 19. Nxe5 Qe6 20. Rad1 Qxe5 21. Nxd5 Nxd5 22. Rxd5 Qe6 23. Re1 Kh8 24. Bd2 Qd7 25. Re7 Qc6 26. Qxb7 Qxb7 27. Rxb7 g5 28. Bc3 Bxc3 29. bxc3 a6 30. c4 Rac8 31. d7 Rcd8 32. c5 1-0

[Event "HUN-chT 1718"]
[Site "Hungary"]
[Date "2018.02.18"]
[Round "6.11"]
[White "Vajda, Szidonia"]
[Black "Veszpremi, Andras"]
[Result "1/2-1/2"]
[WhiteElo "2364"]
[BlackElo "2292"]
[PlyCount "98"]
[EventDate "2017.11.25"]
[EventType "team-tourn"]
[EventRounds "9"]
[EventCountry "HUN"]
[SourceTitle "EXT 2019"]
[Source "ChessBase"]
[SourceDate "2018.10.10"]
[SourceVersion "1"]
[SourceVersionDate "2018.10.10"]
[SourceQuality "1"]
[WhiteTeam "Paks"]
[BlackTeam "Dunaharaszti"]
[WhiteTeamCountry "HUN"]
[BlackTeamCountry "HUN"]

1. e4 c5 2. Nf3 Nc6 3. c3 e6 4. d4 d5 5. exd5 Qxd5 6. Be3 cxd4 7. cxd4 Nf6 8. Nc3 Bb4 9. Bd3 0-0 10. 0-0 Qd8 11. Qc2 h6 12. Rad1 Ne7 13. Qb3 Bd6 14. Bb1 b6 15. Ne5 Bb7 16. Rfe1 Rc8 17. Bc1 Ned5 18. Nxd5 Bxd5 19. Qg3 Kh8 20. Qh3 Ng8 21. Qd3 g6 22. Bf4 Bxe5 23. Bxe5+ Kh7 24. Re3 f5 25. Qd2 Qg5 26. f4 Qe7 27. Rc3 Rxc3 28. Qxc3 Rf7 29. Rc1 Qb7 30. Qd2 Nf6 31. a3 Ng4 32. Rc3 Rd7 33. Bd3 Nxe5 34. fxe5 Be4 35. Bb5 Rd8 36. Qc1 Qd5 37. Rc7+ Kg8 38. Qc4 Qxd4+ 39. Qxd4 Rxd4 40. Rxa7 Rd1+ 41. Kf2 Rd2+ 42. Ke3 Rxg2 43. Bc4 Rxh2 44. Bxe6+ Kf8 45. Bc4 Rc2 46. Kd4 Rd2+ 47. Ke3 Rc2 48. Kd4 Rd2+ 49. Ke3 Rc2 1/2-1/2

[Event "HUN-chT2 Maroczy 1718"]
[Site "Hungary"]
[Date "2017.12.17"]
[Round "4.2"]
[White "Nguyen, Huynh Minh Huy"]
[Black "Veszpremi, Andras"]
[Result "1-0"]
[WhiteElo "2397"]
[BlackElo "2294"]
[PlyCount "59"]
[EventDate "2017.10.29"]
[EventType "team-tourn"]
[EventRounds "9"]
[EventCountry "HUN"]
[SourceTitle "EXT 2021"]
[Source "ChessBase"]
[SourceDate "2020.10.23"]
[SourceVersion "1"]
[SourceVersionDate "2020.10.23"]
[SourceQuality "1"]
[WhiteTeam "Budapest HASE"]
[BlackTeam "Dunaharaszti II"]
[WhiteTeamCountry "HUN"]
[BlackTeamCountry "HUN"]

1. d4 Nf6 2. c4 g6 3. Nc3 Bg7 4. e4 d6 5. Nf3 0-0 6. Be2 e5 7. 0-0 Nc6 8. Be3 exd4 9. Nxd4 Nxd4 10. Bxd4 Bd7 11. Qd2 a6 12. f3 Rb8 13. Rfd1 Bc6 14. Rac1 Nd7 15. Be3 f5 16. exf5 Rxf5 17. Nd5 Be5 18. f4 Bg7 19. Bf3 Rf8 20. Re1 Bxd5 21. cxd5 g5 22. fxg5 Ne5 23. Be4 Qd7 24. h3 c5 25. dxc6 bxc6 26. Bd4 c5 27. Bc3 Rbe8 28. Rcd1 Kh8 29. Qxd6 Qa4 30. Qxc5 1-0

[Event "HUN-chT2 Maroczy 1718"]
[Site "Hungary"]
[Date "2017.12.03"]
[Round "3.2"]
[White "Veszpremi, Andras"]
[Black "Vanczak, Attila"]
[Result "1/2-1/2"]
[WhiteElo "2294"]
[BlackElo "2202"]
[PlyCount "105"]
[EventDate "2017.10.29"]
[EventType "team-tourn"]
[EventRounds "9"]
[EventCountry "HUN"]
[SourceTitle "EXT 2021"]
[Source "ChessBase"]
[SourceDate "2020.10.23"]
[SourceVersion "1"]
[SourceVersionDate "2020.10.23"]
[SourceQuality "1"]
[WhiteTeam "Dunaharaszti II"]
[BlackTeam "Miskolc KisBocsok"]
[WhiteTeamCountry "HUN"]
[BlackTeamCountry "HUN"]

1. e4 c6 2. Nc3 d5 3. Nf3 Bg4 4. h3 Bxf3 5. Qxf3 e6 6. d4 Qb6 7. Bd3 Nd7 8. 0-0 Ngf6 9. e5 Ng8 10. Ne2 g6 11. h4 h5 12. Bg5 Nh6 13. b4 Nf5 14. c3 Be7 15. Bxf5 gxf5 16. Bxe7 Kxe7 17. Nf4 Rag8 18. a4 Rg4 19. g3 Qd8 20. Rfd1 Nb6 21. b5 Qc7 22. bxc6 Qxc6 23. Rdb1 Nc4 24. Rb4 b6 25. Kh2 Qc7 26. Qxd5 Nd2 27. Qd6+ Qxd6 28. exd6+ Kxd6 29. a5 bxa5 30. Rxa5 Rxf4 31. gxf4 Rg8 32. Kh3 Nf3 33. Rb1 Ng1+ 34. Kh2 Nf3+ 35. Kh3 Ng1+ 36. Rxg1 Rxg1 37. Rxa7 Rc1 38. Rxf7 Rxc3+ 39. Kg2 Rd3 40. Rh7 Rxd4 41. Kg3 Rd3+ 42. f3 Rd1 43. Rxh5 Ke7 44. Rh7+ Kf6 45. h5 Rg1+ 46. Kf2 Rh1 47. Ke2 Rh4 48. Ke3 Rh1 49. Rh6+ Kf7 50. Rh7+ Kf6 51. h6 Kg6 52. Re7 Kf6 53. Rh7 1/2-1/2

[Event "HUN-chT2 Charousek 1516"]
[Site "Hungary"]
[Date "2015.11.08"]
[Round "2.4"]
[White "Veszpremi, Andras"]
[Black "Szente Varga, Fruzsina"]
[Result "1-0"]
[WhiteElo "2276"]
[BlackElo "2196"]
[PlyCount "159"]
[EventDate "2015.10.18"]
[EventType "team-tourn"]
[EventRounds "9"]
[EventCountry "HUN"]
[SourceTitle "CBM 170 Extra"]
[Source "ChessBase"]
[SourceDate "2016.02.25"]
[SourceVersion "1"]
[SourceVersionDate "2016.02.25"]
[SourceQuality "1"]
[WhiteTeam "Decs 1990"]
[BlackTeam "Paks ASE II"]
[WhiteTeamCountry "HUN"]
[BlackTeamCountry "HUN"]

1. e4 e5 2. Nf3 Nc6 3. Bb5 a6 4. Ba4 Nf6 5. d4 exd4 6. 0-0 Be7 7. Re1 b5 8. Bb3 d6 9. Bd5 Nxd5 10. exd5 Ne5 11. Nxd4 0-0 12. Bf4 Bf6 13. Bxe5 dxe5 14. Nc6 Qd6 15. Nc3 Bf5 16. a4 e4 17. axb5 Bxc3 18. bxc3 axb5 19. Rb1 Bd7 20. Qe2 Rae8 21. Qxb5 Re5 22. Qb4 Bxc6 23. Qxd6 cxd6 24. dxc6 Rc5 25. Rxe4 Rxc6 26. Re3 g6 27. Rb7 Rfc8 28. Ree7 Rf8 29. Re3 Rfc8 30. Rf3 R8c7 31. Rxc7 Rxc7 32. Rd3 Rc6 33. Kf1 Kg7 34. Ke2 Kf6 35. Re3 h5 36. Kd3 Rc8 37. Kd4 Rc5 38. c4 Rg5 39. g3 Ra5 40. Re2 Rf5 41. Kc3 Ra5 42. Kb4 Rf5 43. c3 Rc5 44. Ra2 Ke6 45. Ra5 Rc8 46. c5 dxc5+ 47. Rxc5 Rd8 48. Rc6+ Ke7 49. Rc4 Rd2 50. Re4+ Kf8 51. Rf4 f5 52. Kb5 Ke7 53. Kc6 Rc2 54. c4 g5 55. Rxf5 Rxc4+ 56. Rc5 Rd4 57. Rxg5 Rd2 58. Rxh5 Rxf2 59. Kd5 Kf6 60. h4 Re2 61. Kd4 Re1 62. g4 Rg1 63. Rf5+ Kg6 64. Rg5+ Kf6 65. Ke4 Re1+ 66. Kf3 Rf1+ 67. Kg2 Ra1 68. Rf5+ Kg6 69. Rd5 Ra3 70. Rd6+ Kg7 71. h5 Kh7 72. g5 Kg8 73. Rd8+ Kf7 74. Rd7+ Ke6 75. Rg7 Ra2+ 76. Kf3 Ra3+ 77. Ke4 Ra4+ 78. Kd3 Ra3+ 79. Kc4 Ra4+ 80. Kb3 1-0

[Event "HUN-chT2 Charousek 1415"]
[Site "Hungary"]
[Date "2014.11.30"]
[Round "3"]
[White "Veszpremi, Andras"]
[Black "Horvath, Tamas3333"]
[Result "1-0"]
[WhiteElo "2243"]
[BlackElo "2119"]
[PlyCount "89"]
[EventDate "2014.10.12"]
[EventType "team-tourn"]
[EventRounds "9"]
[EventCountry "HUN"]
[SourceTitle "EXT 2016"]
[Source "ChessBase"]
[SourceDate "2015.10.08"]
[SourceVersion "1"]
[SourceVersionDate "2015.10.08"]
[SourceQuality "1"]
[WhiteTeam "Decs"]
[BlackTeam "Gyor Elektromos"]
[WhiteTeamCountry "HUN"]
[BlackTeamCountry "HUN"]

1. e4 c5 2. Nf3 d6 3. d4 cxd4 4. Nxd4 Nf6 5. Nc3 a6 6. Be3 e5 7. Nf3 Qc7 8. h3 h6 9. a4 Be6 10. a5 Nbd7 11. Nd2 d5 12. exd5 Nxd5 13. Nxd5 Bxd5 14. c3 Nf6 15. Qa4+ Qc6 16. Qxc6+ Bxc6 17. Nc4 Nd7 18. f3 Be7 19. Bd3 0-0 20. Bf5 Rfe8 21. 0-0-0 Nf6 22. Nxe5 Bc5 23. Bd4 Ba4 24. Rd2 Bxd4 25. cxd4 g6 26. Bc2 Rac8 27. Kb1 Bxc2+ 28. Rxc2 Rxc2 29. Kxc2 Rd8 30. Rd1 Nd5 31. Rd2 Kg7 32. Nd3 Ne3+ 33. Kc3 Nd5+ 34. Kb3 Ne3 35. Nc5 Rd5 36. Kc3 Nf5 37. Nxb7 Rb5 38. Nc5 Rxa5 39. b4 Rb5 40. Nxa6 Rb6 41. Nc5 Ne3 42. d5 Rd6 43. Ne4 Nxd5+ 44. Kd4 Rd7 45. Kc5 1-0

[Event "Pula op 28th"]
[Site "Pula"]
[Date "2014.06.10"]
[Round "4"]
[White "Mihalincic, Tomislav"]
[Black "Veszpremi, Andras"]
[Result "1/2-1/2"]
[WhiteElo "2317"]
[BlackElo "2236"]
[PlyCount "87"]
[EventDate "2014.06.07"]
[EventType "swiss"]
[EventRounds "9"]
[EventCountry "CRO"]
[SourceTitle "CBM 160 Extra"]
[Source "ChessBase"]
[SourceDate "2014.07.01"]
[SourceVersion "1"]
[SourceVersionDate "2014.07.01"]
[SourceQuality "1"]

1. e4 c5 2. Nf3 Nc6 3. d4 cxd4 4. Nxd4 g6 5. c4 Nf6 6. Nc3 Nxd4 7. Qxd4 d6 8. Be2 Bg7 9. Be3 0-0 10. Qd2 a5 11. a4 Nd7 12. Rd1 b6 13. Bh6 Bb7 14. h4 f6 15. Be3 Nc5 16. Bd3 f5 17. exf5 Nxd3+ 18. Qxd3 Rxf5 19. Nd5 Bxd5 20. cxd5 Bxb2 21. Rb1 Bg7 22. Rxb6 Rb8 23. Qb5 Rxb6 24. Bxb6 Re5+ 25. Be3 e6 26. 0-0 Rxd5 27. Qc6 Bd4 28. Bxd4 Rxd4 29. Rc1 Rb4 30. Qa6 Rb8 31. g3 Qb6 32. Rc8+ Kg7 33. Qxb6 Rxb6 34. Ra8 Rb1+ 35. Kg2 Ra1 36. Rxa5 h5 37. Kf3 Kf6 38. Ra8 d5 39. a5 Ra3+ 40. Ke2 d4 41. a6 Kg7 42. a7 Kh7 43. f4 Kg7 44. Kd2 1/2-1/2

[Event "HUN-chT 1314"]
[Site "Hungary"]
[Date "2014.04.13"]
[Round "8"]
[White "Balla, Tamas Kristof"]
[Black "Veszpremi, Andras"]
[Result "1-0"]
[WhiteElo "2350"]
[BlackElo "2236"]
[PlyCount "111"]
[EventDate "2013.09.08"]
[EventType "team-tourn"]
[EventRounds "9"]
[EventCountry "HUN"]
[SourceTitle "EXT 2015"]
[Source "ChessBase"]
[SourceDate "2014.11.20"]
[SourceVersion "1"]
[SourceVersionDate "2014.11.20"]
[SourceQuality "1"]
[WhiteTeam "Mako"]
[BlackTeam "Decs"]
[WhiteTeamCountry "HUN"]
[BlackTeamCountry "HUN"]

1. d4 Nf6 2. c4 g6 3. Nc3 Bg7 4. e4 d6 5. f3 0-0 6. Be3 e5 7. Nge2 Nc6 8. d5 Ne7 9. Qd2 Nd7 10. g4 a6 11. Ng3 Rb8 12. Bh6 Bxh6 13. Qxh6 f6 14. 0-0-0 Rf7 15. h4 Nf8 16. Bd3 Bd7 17. Qe3 b5 18. c5 b4 19. Nce2 dxc5 20. Qxc5 Bb5 21. Kb1 Qd6 22. Qe3 c5 23. dxc6 Qxc6 24. Bxb5 Qxb5 25. Rd6 Nc8 26. Rd5 Qe8 27. Qd3 Qe6 28. Rd1 Rbb7 29. Nf1 Rfd7 30. Ne3 Ne7 31. Rd6 Rxd6 32. Qxd6 Kf7 33. b3 Qxd6 34. Rxd6 Rd7 35. Rxa6 Rd3 36. Nc4 Rxf3 37. g5 Kg7 38. gxf6+ Rxf6 39. Ra7 Rf1+ 40. Kc2 Kf6 41. Ne3 Rh1 42. Ng4+ Ke6 43. Ra6+ Kf7 44. Nxe5+ Kg7 45. Nf3 h6 46. Ned4 g5 47. hxg5 hxg5 48. Nxg5 Nfg6 49. Nde6+ Kf6 50. Nf3 Kf7 51. Ned4 Rf1 52. Kd3 Nf4+ 53. Kc4 Rc1+ 54. Kxb4 Nd3+ 55. Ka3 Nc5 56. Ne5+ 1-0

[Event "HUN-chT 1314"]
[Site "Hungary"]
[Date "2013.09.08"]
[Round "1"]
[White "Horvath, David G"]
[Black "Veszpremi, Andras"]
[Result "1-0"]
[WhiteElo "2360"]
[BlackElo "2236"]
[PlyCount "101"]
[EventDate "2013.09.08"]
[EventType "team-tourn"]
[EventRounds "9"]
[EventCountry "HUN"]
[SourceTitle "EXT 2015"]
[Source "ChessBase"]
[SourceDate "2014.11.20"]
[SourceVersion "1"]
[SourceVersionDate "2014.11.20"]
[SourceQuality "1"]
[WhiteTeam "MLTC"]
[BlackTeam "Decs"]
[WhiteTeamCountry "HUN"]
[BlackTeamCountry "HUN"]

1. d4 Nf6 2. c4 g6 3. Nc3 Bg7 4. e4 d6 5. Nge2 0-0 6. Ng3 c5 7. d5 e6 8. Be2 exd5 9. exd5 Re8 10. 0-0 Nbd7 11. Bg5 h6 12. Be3 Ne5 13. h3 a6 14. Qd2 Kh7 15. f4 Ned7 16. Bf2 Ng8 17. Bd3 f5 18. a3 Ndf6 19. Rab1 Bd7 20. b4 b6 21. Rb3 h5 22. Rfb1 h4 23. Nf1 Ne4 24. Bxe4 fxe4 25. Qe1 Qf6 26. Ne2 Ba4 27. Bxh4 Qf7 28. Re3 Bd4 29. Qd2 Bxe3+ 30. Nxe3 Bd7 31. Bg5 Nf6 32. g4 Kg8 33. Bh4 a5 34. bxc5 bxc5 35. Qc3 Nh7 36. Rb6 Reb8 37. Rxd6 Rb1+ 38. Kg2 Rab8 39. f5 gxf5 40. Rxd7 Qxd7 41. Nxf5 R1b6 42. Be7 Rg6 43. Qe5 Rb2 44. Kf1 Rb1+ 45. Kf2 Qa4 46. Bxc5 Rf6 47. Qe7 Rxf5+ 48. gxf5 e3+ 49. Kg2 Rd1 50. f6 Nxf6 51. Qf8+ 1-0

[Event "HUN-chT 1213"]
[Site "Hungary"]
[Date "2013.03.03"]
[Round "8"]
[White "Veszpremi, Andras"]
[Black "Kormos, Adam"]
[Result "1-0"]
[WhiteElo "2261"]
[BlackElo "2227"]
[PlyCount "67"]
[EventDate "2012.09.16"]
[EventType "team-tourn"]
[EventRounds "9"]
[EventCountry "HUN"]
[SourceTitle "EXT 2014"]
[Source "ChessBase"]
[SourceDate "2013.11.20"]
[SourceVersion "1"]
[SourceVersionDate "2013.11.20"]
[SourceQuality "1"]
[WhiteTeam "Decs"]
[BlackTeam "BEAC"]
[WhiteTeamCountry "HUN"]
[BlackTeamCountry "HUN"]

1. e4 c5 2. Nf3 d6 3. d4 cxd4 4. Nxd4 Nf6 5. Nc3 g6 6. Be3 Bg7 7. f3 a6 8. Qd2 Nbd7 9. g4 b5 10. h4 h5 11. g5 b4 12. Nce2 Nh7 13. 0-0-0 Ne5 14. Qxb4 a5 15. Qa3 Bd7 16. Nc3 Rb8 17. f4 Ng4 18. Bg1 0-0 19. Nd5 Re8 20. f5 Be5 21. Be2 e6 22. fxe6 fxe6 23. Nc3 Bf4+ 24. Kb1 Ne5 25. Nf3 Nxf3 26. Bxf3 Nf8 27. Bd4 e5 28. Nd5 Ne6 29. Nf6+ Kf7 30. Nxe8 Bxe8 31. Bf2 Nd4 32. Rxd4 exd4 33. Bxd4 Be5 34. Qc3 1-0

[Event "HUN-chT 1213"]
[Site "Hungary"]
[Date "2012.12.02"]
[Round "5"]
[White "Ruck, Tamas"]
[Black "Veszpremi, Andras"]
[Result "1-0"]
[WhiteElo "2296"]
[BlackElo "2261"]
[PlyCount "95"]
[EventDate "2012.09.16"]
[EventType "team-tourn"]
[EventRounds "9"]
[EventCountry "HUN"]
[SourceTitle "EXT 2014"]
[Source "ChessBase"]
[SourceDate "2013.11.20"]
[SourceVersion "1"]
[SourceVersionDate "2013.11.20"]
[SourceQuality "1"]
[WhiteTeam "HVSE Infraplan"]
[BlackTeam "Decs"]
[WhiteTeamCountry "HUN"]
[BlackTeamCountry "HUN"]

1. e4 c5 2. Nf3 Nc6 3. d4 cxd4 4. Nxd4 g6 5. c4 Nf6 6. Nc3 Nxd4 7. Qxd4 d6 8. Be3 Bg7 9. f3 0-0 10. Qd2 Be6 11. Rc1 Qa5 12. Be2 Rfc8 13. b3 a6 14. Na4 Qxd2+ 15. Kxd2 Nd7 16. g4 Rc6 17. h3 Kf8 18. f4 Nc5 19. Nxc5 dxc5 20. e5 f6 21. Bf3 Rc7 22. exf6 Bxf6 23. Ke2 Rd8 24. Rhd1 Bd4 25. Bxd4 cxd4 26. Kd3 Bc8 27. Re1 b6 28. Re5 e6 29. c5 b5 30. c6 Rd6 31. Bg2 Bd7 32. Rec5 Be8 33. a4 bxa4 34. bxa4 Ke7 35. R5c4 Rd8 36. Rb1 g5 37. Rb7 Rdc8 38. Kxd4 Kd6 39. Rxc7 Rxc7 40. fxg5 e5+ 41. Ke3 a5 42. h4 Bf7 43. Rc3 Be6 44. Be4 Bxg4 45. Rb3 Bc8 46. Rb5 Ra7 47. Rd5+ Ke6 48. Rd8 1-0

[Event "Oberwart op-A 34th"]
[Site "Oberwart"]
[Date "2012.07.14"]
[Round "8"]
[White "Veszpremi, Andras"]
[Black "Koller, Hans Juergen"]
[Result "1-0"]
[WhiteElo "2262"]
[BlackElo "2078"]
[PlyCount "43"]
[EventDate "2012.07.07"]
[EventType "swiss"]
[EventRounds "9"]
[EventCountry "AUT"]
[SourceTitle "CBM 149 Extra"]
[Source "ChessBase"]
[SourceDate "2012.08.24"]
[SourceVersion "1"]
[SourceVersionDate "2012.08.24"]
[SourceQuality "1"]

1. e4 g6 2. d4 Bg7 3. Nc3 d6 4. f4 e6 5. Nf3 Ne7 6. Be3 a6 7. Bd3 Nd7 8. e5 0-0 9. h4 Nf5 10. Bf2 c5 11. Bxf5 cxd4 12. Ne4 Qa5+ 13. Qd2 Qxd2+ 14. Nfxd2 gxf5 15. Nxd6 f6 16. exf6 Bxf6 17. 0-0-0 Rd8 18. Nf3 Nc5 19. Bxd4 Bxd4 20. Rxd4 Bd7 21. b4 Na4 22. Nxb7 1-0

[Event "Oberwart op-A 34th"]
[Site "Oberwart"]
[Date "2012.07.11"]
[Round "5"]
[White "Palac, Mladen"]
[Black "Veszpremi, Andras"]
[Result "1-0"]
[WhiteElo "2605"]
[BlackElo "2262"]
[PlyCount "81"]
[EventDate "2012.07.07"]
[EventType "swiss"]
[EventRounds "9"]
[EventCountry "AUT"]
[SourceTitle "CBM 149 Extra"]
[Source "ChessBase"]
[SourceDate "2012.08.24"]
[SourceVersion "1"]
[SourceVersionDate "2012.08.24"]
[SourceQuality "1"]

1. e4 c5 2. Nf3 e6 3. Be2 Nc6 4. 0-0 Nf6 5. Nc3 d6 6. d4 cxd4 7. Nxd4 Be7 8. Be3 0-0 9. f4 Nxd4 10. Qxd4 a6 11. a4 d5 12. e5 Nd7 13. Qd2 Qc7 14. Bd3 Bc5 15. Ne2 Qb6 16. Bxc5 Nxc5 17. a5 Qc7 18. Ra3 Nxd3 19. Rxd3 Bd7 20. Ra1 Rfc8 21. Nd4 Bb5 22. Rg3 g6 23. h4 Kh8 24. h5 gxh5 25. Rh3 Rg8 26. Rxh5 Rg6 27. Ra3 Rag8 28. Rah3 R8g7 29. Rh6 Rg4 30. R3h4 Qc4 31. Rxg4 Qf1+ 32. Kh2 Rxg4 33. g3 Rg6 34. Rh4 Kg7 35. g4 f5 36. exf6+ Rxf6 37. g5 Rg6 38. f5 e5 39. fxg6 exd4 40. Qxd4+ Kxg6 41. Rh6+ 1-0

[Event "Oberwart op-A 34th"]
[Site "Oberwart"]
[Date "2012.07.09"]
[Round "3"]
[White "Matt, Fabian"]
[Black "Veszpremi, Andras"]
[Result "1/2-1/2"]
[WhiteElo "2211"]
[BlackElo "2262"]
[PlyCount "191"]
[EventDate "2012.07.07"]
[EventType "swiss"]
[EventRounds "9"]
[EventCountry "AUT"]
[SourceTitle "CBM 149 Extra"]
[Source "ChessBase"]
[SourceDate "2012.08.24"]
[SourceVersion "1"]
[SourceVersionDate "2012.08.24"]
[SourceQuality "1"]

1. Nf3 g6 2. c4 Bg7 3. Nc3 d6 4. g3 e5 5. d4 Nc6 6. dxe5 Nxe5 7. Bg2 Nxf3+ 8. Bxf3 Nf6 9. 0-0 0-0 10. Qd3 Nd7 11. Bg2 Ne5 12. Qc2 Rb8 13. b3 a6 14. Bb2 b5 15. cxb5 axb5 16. Nd5 c6 17. Nb4 Bf5 18. Qd2 c5 19. Nd5 Re8 20. Rad1 Be6 21. Kh1 Ra8 22. Ba1 Qa5 23. Qf4 Bxd5 24. Bxd5 Ra7 25. Rd2 Rae7 26. Rfd1 b4 27. Bg2 Qa6 28. e3 Re6 29. Qe4 c4 30. Bf1 Nd3 31. Qxc4 Qxc4 32. bxc4 Bxa1 33. Rxa1 Nc5 34. Rb1 Ne4 35. Rdb2 Rf6 36. Kg1 Re5 37. Bg2 Nc3 38. Rc1 Rc5 39. Bf1 Kg7 40. Rcc2 d5 41. Rxb4 Ne4 42. Rb5 Rfc6 43. Rxc5 Rxc5 44. Bd3 Nd6 45. cxd5 Rxd5 46. Be2 Ra5 47. Kg2 Ne4 48. Bc4 f5 49. Bb3 Nc5 50. h4 h6 51. Rd2 g5 52. hxg5 hxg5 53. Rd5 Nxb3 54. Rd7+ Kf6 55. axb3 Ra2 56. b4 Rb2 57. Rb7 g4 58. b5 Rb1 59. b6 Kg6 60. Rb8 Kg7 61. b7 Kh7 62. Rf8 Rxb7 63. Rxf5 Kg6 64. Rd5 Rb1 65. e4 Re1 66. Re5 Kf6 67. Rf5+ Kg6 68. f4 gxf3+ 69. Kxf3 Rf1+ 70. Kg4 Re1 71. Kf4 Rf1+ 72. Ke5 Ra1 73. Rf3 Kg5 74. Rd3 Ra4 75. Rd4 Ra3 76. Ke6 Rxg3 77. e5 Ra3 78. Rd1 Ra6+ 79. Rd6 Ra5 80. Rb6 Kf4 81. Rb4+ Kg5 82. Rc4 Ra6+ 83. Kd5 Kf5 84. Rc5 Re6 85. Kd4 Ra6 86. Rb5 Ke6 87. Rb4 Rc6 88. Rb8 Ra6 89. Re8+ Kd7 90. Rh8 Ke7 91. Rh7+ Ke8 92. Kd5 Rg6 93. Ke4 Ra6 94. Kf5 Rb6 95. Rc7 Ra6 96. e6 1/2-1/2

[Event "HUN-chT 1112"]
[Site "Hungary"]
[Date "2012.03.11"]
[Round "7"]
[White "Nemeth, Miklos"]
[Black "Veszpremi, Andras"]
[Result "1-0"]
[WhiteElo "2438"]
[BlackElo "2256"]
[PlyCount "71"]
[EventDate "2011.09.25"]
[EventType "team-tourn"]
[EventRounds "11"]
[EventCountry "HUN"]
[SourceTitle "EXT 2013"]
[Source "ChessBase"]
[SourceDate "2012.11.22"]
[SourceVersion "1"]
[SourceVersionDate "2012.11.22"]
[SourceQuality "1"]
[WhiteTeam "HVSE Infraplan"]
[BlackTeam "Decs"]
[WhiteTeamCountry "HUN"]
[BlackTeamCountry "HUN"]

1. e4 c5 2. Nf3 Nc6 3. d4 cxd4 4. Nxd4 g6 5. c4 Nf6 6. Nc3 Nxd4 7. e5 Ne4 8. Qxd4 Nxc3 9. e6 dxe6 10. Qxc3 f6 11. h4 h5 12. c5 Kf7 13. Bc4 Qc7 14. 0-0 Kg7 15. Be3 e5 16. b4 Bf5 17. Rfd1 Kh7 18. Bd3 e4 19. Bc2 Bg7 20. Rd4 Rhd8 21. Rad1 Bg4 22. Rxd8 Rxd8 23. Rxd8 Qxd8 24. Qc4 f5 25. Bb3 e5 26. Bg5 Qc8 27. b5 f4 28. c6 bxc6 29. bxc6 e3 30. fxe3 f3 31. c7 e4 32. Bd8 f2+ 33. Kxf2 Qf5+ 34. Kg1 g5 35. Qg8+ Kg6 36. Qe8+ 1-0

[Event "HUN-chT 1112"]
[Site "Hungary"]
[Date "2012.01.29"]
[Round "5"]
[White "Mester, Gyula"]
[Black "Veszpremi, Andras"]
[Result "0-1"]
[WhiteElo "2425"]
[BlackElo "2256"]
[PlyCount "68"]
[EventDate "2011.09.25"]
[EventType "team-tourn"]
[EventRounds "11"]
[EventCountry "HUN"]
[SourceTitle "EXT 2013"]
[Source "ChessBase"]
[SourceDate "2012.11.22"]
[SourceVersion "1"]
[SourceVersionDate "2012.11.22"]
[SourceQuality "1"]
[WhiteTeam "Penzugyor"]
[BlackTeam "Decs"]
[WhiteTeamCountry "HUN"]
[BlackTeamCountry "HUN"]

1. d4 g6 2. e4 Bg7 3. Nc3 d6 4. Bg5 h6 5. Bh4 Nf6 6. e5 Nh7 7. f4 0-0 8. Nf3 c6 9. Bd3 dxe5 10. dxe5 Nd7 11. Bc4 g5 12. fxg5 hxg5 13. Nxg5 Nxg5 14. Bxg5 Nxe5 15. Qxd8 Rxd8 16. Bb3 Bg4 17. 0-0 Kf8 18. Rae1 Bh5 19. g4 Bg6 20. h4 Rd4 21. Kh1 Rxg4 22. Re2 Rd8 23. Be6 Rgd4 24. Bf4 Nc4 25. Bg5 Bf6 26. Bf5 Bxg5 27. hxg5 Bxf5 28. Rxf5 Rh4+ 29. Kg2 Rdd4 30. b3 Nd6 31. Rfe5 e6 32. a4 Rdg4+ 33. Kf3 Nf5 34. Ne4 Nd4+ 0-1

[Event "HUN-chT 1112"]
[Site "Hungary"]
[Date "2011.11.13"]
[Round "3"]
[White "Veszpremi, Andras"]
[Black "Medvegy, Zoltan"]
[Result "0-1"]
[WhiteElo "2256"]
[BlackElo "2531"]
[PlyCount "170"]
[EventDate "2011.09.25"]
[EventType "team-tourn"]
[EventRounds "11"]
[EventCountry "HUN"]
[SourceTitle "EXT 2012"]
[Source "ChessBase"]
[SourceDate "2011.11.24"]
[SourceVersion "1"]
[SourceVersionDate "2011.11.24"]
[SourceQuality "1"]
[WhiteTeam "Decs"]
[BlackTeam "Aquaprofit"]
[WhiteTeamCountry "HUN"]
[BlackTeamCountry "HUN"]

1. e4 c6 2. Nc3 d5 3. Nf3 a6 4. d4 Bg4 5. h3 Bh5 6. g4 Bg6 7. Ne5 Bxe4 8. f3 Bg6 9. h4 f6 10. Nxg6 hxg6 11. Qd3 g5 12. Bd2 Kf7 13. h5 e6 14. Qg6+ Ke7 15. 0-0-0 Qe8 16. Qd3 Kd8 17. f4 gxf4 18. Bxf4 g5 19. Bg3 Nh6 20. Bg2 Nd7 21. Bf3 Qf7 22. Na4 b5 23. Nc5 Bxc5 24. dxc5 e5 25. Qc3 Qe6 26. Rd2 Ng8 27. Rhd1 Ne7 28. Qe3 Ke8 29. b3 Kf7 30. c3 a5 31. Rf2 a4 32. b4 Kg7 33. Qd2 Kh6 34. Qc2 Rhf8 35. Rfd2 Qf7 36. Be4 Rg8 37. Bf5 Nxf5 38. Qxf5 Rae8 39. Kb2 Qe6 40. Qf3 e4 41. Qe3 Qxg4 42. Rf1 Rgf8 43. Bd6 Ne5 44. Bxf8+ Rxf8 45. Kc1 Qe6 46. Rg2 Nd3+ 47. Kb1 Qe5 48. Kc2 Rg8 49. Qg3 Qxg3 50. Rxf6+ Kg7 51. Rg6+ Kh7 52. Rxg3 Rxg6 53. hxg6+ Kxg6 54. Kd2 Kf5 55. Ke3 g4 56. Rg1 Kg5 57. Rh1 g3 58. Rh8 Kg4 59. Rg8+ Kh3 60. Rh8+ Kg4 61. Rg8+ Kh3 62. Rh8+ Kg2 63. Rh6 Ne5 64. Ke2 a3 65. Re6 Ng4 66. Re8 Nh2 67. Rg8 Nf3 68. Rg6 d4 69. cxd4 Nxd4+ 70. Ke3 Nc2+ 71. Kf4 e3 72. Rxg3+ Kf2 73. Rf3+ Ke2 74. Rh3 Kd2 75. Rh2+ e2 76. Kf3 Nd4+ 77. Ke4 Kc3 78. Rh3+ Kxb4 79. Re3 Kc4 80. Kf4 Kxc5 81. Re5+ Kc4 82. Kg3 Kd3 83. Kf2 b4 84. Re8 Kd2 85. Re4 c5 0-1